駅数が10駅以内の路線サドンデス - Statistics

General Stats
  • This quiz has been taken 1,125 times
  • The average score is 4 of 50
Answers on the Grid
Answers color-coded by a green-red scale on the quiz's grid according to % correct below.
JR石勝線
JR札沼線
JR大湊線
JR男鹿線
JR石巻線
JR陸羽西線
JR左沢線
JR烏山線
JR川越線
JR久留里線
JR鶴見線
JR根岸線
JR白新線
JR上越新幹線
JR武豊線
JR太多線
JR参宮線
JR城端線
JR氷見線
JR草津線
JR桜井線
JR東西線
JR舞鶴線
JR吉備線
JR可部線
JR小野田線
JR美祢線
JR鳴門線
JR篠栗線
JR唐津線
JR三角線
JR九州新幹線
東武宇都宮線
東武鬼怒川線
東武佐野線
東武小泉線
西武拝島線
京成千葉線
京王相模原線
小田急多摩線
東急世田谷線
京急久里浜線
東京メトロ半蔵門線
相鉄いずみ野線
名鉄蒲郡線
名鉄西尾線
名鉄広見線
名鉄竹鼻線
近鉄山田線
近鉄生駒線
近鉄けいはんな線
近鉄長野線
南海加太線
京阪宇治線
阪急千里線
阪急今津線
阪神なんば線
西鉄甘木線
横浜市交グリーンライン
名古屋市交名港線
OsakaMetro四つ橋線
OsakaMetro堺筋線
OsakaMetro今里筋線
神戸市交海岸線
福岡市交箱崎線
道南いさりび鉄道線
津軽鉄道線
由利高原鉄道
福島交通飯坂線
ひたちなか海浜鉄道湊線
銚子電気鉄道線
東京モノレール
伊豆箱根鉄道大雄山線
箱根登山鉄道鉄道線
北越急行
富山地鉄上滝線
北鉄浅野川線
明知鉄道
岳南電車
あおなみ線
三岐鉄道北勢線
伊勢鉄道
嵐電北野線
叡電鞍馬線
WILLER TRAINS宮福線
阪堺上町線
水間鉄道
神戸電鉄三田線
山陽電鉄網干線
和歌山電鐵貴志川線
水島臨海鉄道
錦川鉄道錦川清流線
伊予鉄道郡中線
伊予鉄道城南線
とさでん桟橋線
土佐くろしお鉄道中村線
長崎電気軌道蛍茶屋支線
熊本市電上熊本線
鹿児島市電第一期線
南阿蘇鉄道
 
Answer Stats
Answer % Correct
JR石勝線
46%
JR男鹿線
28%
JR烏山線
26%
小田急多摩線
17%
JR氷見線
14%
JR上越新幹線
12%
京急久里浜線
11%
相鉄いずみ野線
11%
JR太多線
11%
JR東西線
11%
JR鳴門線
10%
西武拝島線
9%
JR武豊線
9%
JR舞鶴線
8%
東武小泉線
7%
JR白新線
7%
JR三角線
7%
東武鬼怒川線
6%
近鉄けいはんな線
6%
南海加太線
6%
京阪宇治線
6%
名古屋市交名港線
6%
銚子電気鉄道線
6%
山陽電鉄網干線
6%
東急世田谷線
5%
横浜市交グリーンライン
5%
JR参宮線
5%
京成千葉線
4%
阪急今津線
4%
岳南電車
4%
水間鉄道
4%
東武佐野線
3%
名鉄竹鼻線
3%
近鉄長野線
3%
福岡市交箱崎線
3%
南阿蘇鉄道
3%
JR陸羽西線
3%
OsakaMetro堺筋線
3%
名鉄蒲郡線
2%
伊勢鉄道
2%
JR吉備線
2%
神戸市交海岸線
1%
嵐電北野線
1%
叡電鞍馬線
1%
阪堺上町線
1%
神戸電鉄三田線
1%
水島臨海鉄道
1%
とさでん桟橋線
1%
長崎電気軌道蛍茶屋支線
1%
熊本市電上熊本線
1%
No matching quizzes found
Score Distribution
Percent of People with Each Score
Percentile by Number Answered
Your Score History
You have not taken this quiz